000 00858nam a22001697a 4500
999 _c63393
_d63393
003 Ge_BSU
005 20250929183049.0
008 250929s1954 ge ||||| |||| 00| 0 geo d
041 _ageo
080 _a631.115.6 მ-89
245 _aმოწინავე კოლმეურნეობათა და მტს-ების გამოცდილება :
_b "ზარია ვოსტოკა"-ში გამოქვეყნებული მასალების კრებული.
264 _aთბ. :
_bზარია ვოსტოკა,
_c1954.
300 _a150 გვ. :
_bპორტრ. ;
_c21 სმ.
653 _aმოწინავე კოლმეურნეობები
653 _aმანქანა-ტრაქტორთა სადგურები.
942 _2udc
_cᲬᲘᲒᲜᲘ